Around USA #1: US States bordering Canada - Statistics

General Stats
  • This quiz has been taken 27 times
    23 since last reset
  • The average score is 11 of 13
Answer Stats
Answer % Correct
Maine
100%
Montana
95%
New Hampshire
95%
New York
95%
Michigan
90%
North Dakota
90%
Washington
90%
Idaho
86%
Minnesota
86%
Alaska
76%
Pennsylvania
71%
Ohio
57%
Connecticut
24%
No matching quizzes found
Score Distribution
Percent of People with Each Score
Percentile by Number Answered
Your Score History
You have not taken this quiz since the last reset